00291nam a2200121Ia 4500008004100000041000900041082001800050100001900068245003100087260003500118300000800153650000800161230718s9999 xx 000 0 und d aEng. a342.34bMOD-S aModak, Anoopam 0aSupreme Court on Doctrines aPakistanbAsia Law Housec2014 a504 aLaw